00641nam a2200193Ia 4500008004100000082001700041100001600058245003400074250000800108260002500116300001200141500002400153650001500177700001700192942000700209952010700216952010700323999001700430230524s9999 xx 000 0 und d a621.386bAOT aD.P.Kothari 0aModern Power System Analysis  a3RD aNEW DELHIbTMHc2006 aXIV;685 aQuantity Number: 2 aElectrical a I.J.Nagrath cBK 00104070aTATCLbTATCLcGENd2023-05-24l0o621.386 AOTp15320r2023-05-24w2023-05-24yBKzCPEE5302 00104070aTATCLbTATCLcGENd2023-05-24l0o621.386 AOTp15321r2023-05-24w2023-05-24yBKzCPEE5302 c36359d36359